<?xml version="1.0" encoding="UTF-8"?>
<record
    xmlns:xsi="http://www.w3.org/2001/XMLSchema-instance"
    xsi:schemaLocation="http://www.loc.gov/MARC21/slim http://www.loc.gov/standards/marcxml/schema/MARC21slim.xsd"
    xmlns="http://www.loc.gov/MARC21/slim">

  <leader>02134nab a2200277 i 4500</leader>
  <controlfield tag="003">BR-BrBNA</controlfield>
  <controlfield tag="005">20241022110515.0</controlfield>
  <controlfield tag="008">241022b2005    bl.qr|pooa||| 00| 0 por |</controlfield>
  <datafield tag="040" ind1=" " ind2=" ">
    <subfield code="a">BR-BrBNA</subfield>
    <subfield code="b">por</subfield>
  </datafield>
  <datafield tag="072" ind1=" " ind2=" ">
    <subfield code="a">F70</subfield>
  </datafield>
  <datafield tag="072" ind1=" " ind2=" ">
    <subfield code="a">F40</subfield>
  </datafield>
  <datafield tag="100" ind1=" " ind2=" ">
    <subfield code="a">Marquete, Ronaldo </subfield>
  </datafield>
  <datafield tag="245" ind1=" " ind2=" ">
    <subfield code="a">Reserva ecol&#xF3;gica do IBGE &#x2013; Opiliaceae</subfield>
  </datafield>
  <datafield tag="500" ind1=" " ind2=" ">
    <subfield code="a">Publica&#xE7;&#xE3;o on-line; 12 ref.; 3 illus.; Summaries (En, Pt)</subfield>
  </datafield>
  <datafield tag="520" ind1=" " ind2=" ">
    <subfield code="a">

RESUMO

(Reserva Ecol&#xF3;gica do IBGE- Opiliaceae) Otrabalho trata da fam&#xED;lia Opiliaceae na &#xE1;reada Reserva Ecol&#xF3;gica
do IBGE, situada em Bras&#xED;lia, Distrito Federal, com base na representatividade da fam&#xED;lia em cole&#xE7;&#xF5;es de
herb&#xE1;rios e observa&#xE7;&#xF5;es de campo. Registrou-se para esta &#xE1;rea apenas a ocorr&#xEA;ncia de Agonandra
brasiliensis Miers ex Benth. &amp; Hook. f. subsp. brasiliensis. O estudo taxon&#xF4;mico consiste em descri&#xE7;&#xF5;es,
coment&#xE1;rios, material examinado, al&#xE9;m de informa&#xE7;&#xF5;es sobre a distribui&#xE7;&#xE3;o geogr&#xE1;fica, habitat, flora&#xE7;&#xE3;o e
frutifica&#xE7;&#xE3;o.

Palavras-chave: Opiliaceae, Agonandra, cerrado,flora, Bras&#xED;lia, Brasil</subfield>
  </datafield>
  <datafield tag="520" ind1=" " ind2=" ">
    <subfield code="a">
ABSTRACT

(Ecological Reserve ofIBGE - Opiliaceae) This work treatsthe familyOpiliaceae inthe area of the Ecological
Reserve of IBGE,located inBras&#xED;lia, Federal District, based on herbarium collections and field observations.
It was detected for this area just one taxon Agonandra brasiliensis Miers ex Benth. &amp; Hook. f. subsp.
brasiliensis. Thistaxonomic studyconsists of descriptions, comments, examined material, besidesinformation
about the geographical distribution, habitat, flowering and fruiting time.

Key-words: Opiliaceae, Agonandra, cerrado,flora, Brasilia, Brazil.</subfield>
  </datafield>
  <datafield tag="650" ind1=" " ind2=" ">
    <subfield code="a">OPILIACEAE</subfield>
  </datafield>
  <datafield tag="650" ind1=" " ind2=" ">
    <subfield code="a">CERRADO</subfield>
  </datafield>
  <datafield tag="650" ind1=" " ind2=" ">
    <subfield code="a">FLORA</subfield>
  </datafield>
  <datafield tag="650" ind1=" " ind2=" ">
    <subfield code="a">BRAS&#xCD;LIA</subfield>
  </datafield>
  <datafield tag="650" ind1=" " ind2=" ">
    <subfield code="a">BRASIL</subfield>
  </datafield>
  <datafield tag="773" ind1="0" ind2=" ">
    <subfield code="0">709</subfield>
    <subfield code="9">345534</subfield>
    <subfield code="d">Rio de Janeiro-RJ Jardim Botanico do Rio de Janeiro 1935</subfield>
    <subfield code="o">2024-6119</subfield>
    <subfield code="t">Rodrigu&#xE9;sia (Brazil)</subfield>
    <subfield code="x">0370-6583; 2175-7860 on-line</subfield>
    <subfield code="g">v. 56(87) p. 133-139; (2005)</subfield>
    <subfield code="w">BR2024003331</subfield>
  </datafield>
  <datafield tag="856" ind1=" " ind2=" ">
    <subfield code="u">https://www.scielo.br/j/rod/a/hCv3m3xvsGMFQDsgyBnFgny/?format=pdf&amp;lang=pt</subfield>
  </datafield>
  <datafield tag="942" ind1=" " ind2=" ">
    <subfield code="c">ANA</subfield>
  </datafield>
  <datafield tag="999" ind1=" " ind2=" ">
    <subfield code="c">328225</subfield>
    <subfield code="d">328225</subfield>
  </datafield>
</record>
